Yacimientos romanos en la provincia de Zamora

Guardat en:
Dades bibliogràfiques
Format: Llibre
Idioma:espanyol
Publicat: Valladolid, España Junta de Castilla y León 2010
Matèries:
Etiquetes: Afegir etiqueta
Sense etiquetes, Sigues el primer a etiquetar aquest registre!

MARC

LEADER 00000cam a2200000 a 4500
001 UCG8794
003 CL-VaPUC
005 20240611114547.0
008 111229e20100000SP |||||||||||||||||spa|d
999 |c 346390  |d 346388 
040 |c Pontificia Universidad Católica de Valparaíso 
082 0 4 |a 930.3 YAC 2010  |2 21 
245 1 0 |a Yacimientos romanos en la provincia de Zamora 
260 |a Valladolid, España  |b Junta de Castilla y León  |c 2010 
300 |a 71 páginas 
583 |a last modification  |c 20111229 10:48:00  |k Rodrigo Vera 
650 0 |a Arqueología romana   |9 322709 
650 7 |a EXCAVACIONES  |2 CL-VaPUC  |9 262499  |z ESPAÑA 
650 0 |a Historia  |z ESPAÑA  |9 255047 
852 |a BIBCUR 
942 |c BK  |2 ddc 
945 |d 20111229 00:00:00  |a dcastane 
952 |0 0  |1 0  |2 ddc  |4 0  |6 930_300000000000000_YAC_2010  |7 0  |8 A  |9 447073  |a BIBHIS  |b BIBHIS  |d 2019-11-22  |i 4819411  |o 930.3 YAC 2010  |p 4819411  |r 2025-01-20  |t 1  |w 2019-11-22  |y BK  |k HIS